Country Grab Bag: 10 to 1 Quiz Stats

 Plays Quiz Updated Jul 2, 2018

Also try: Geography Grab Bag
Challenge
Share
Tweet
Embed
Score 0/55 Timer 12:00
0 Plays Today
Hint Answer % Correct
7 Countries that Border IranIraq
95.3%
10 Non-South American Countries with Spanish as an Official LanguageSpain
95.1%
5 Permanent UN Security Council MembersUnited States
93%
4 Countries with Mountains Over 8,000 metersChina
91.1%
5 Permanent UN Security Council MembersChina
90.3%
5 Permanent UN Security Council MembersUnited Kingdom
90%
6 European Microstate CountriesVatican City
89.2%
5 Permanent UN Security Council MembersRussia
88.7%
9 Countries Beginning with 'L'Lithuania
88.5%
2 Countries that Contain the Word 'New'New Zealand
88.2%
5 Permanent UN Security Council MembersFrance
88%
9 Countries Beginning with 'L'Luxembourg
87.5%
8 Countries Ending in 'Y'Turkey
86.8%
4 Countries with Mountains Over 8,000 metersNepal
86%
8 Countries Ending in 'Y'Norway
85.5%
9 Countries Beginning with 'L'Libya
85.1%
7 Countries that Border IranAfghanistan
83.9%
7 Countries that Border IranPakistan
83.6%
6 European Microstate CountriesMonaco
83.5%
4 Countries with Mountains Over 8,000 metersPakistan
83.3%
9 Countries Beginning with 'L'Liechtenstein
83.2%
6 European Microstate CountriesAndorra
83.1%
4 Countries with Mountains Over 8,000 metersIndia
81.9%
6 European Microstate CountriesSan Marino
80%
1 Country Completely Contained in South AfricaLesotho
79.7%
8 Countries Ending in 'Y'Hungary
79.7%
9 Countries Beginning with 'L'Liberia
77.6%
6 European Microstate CountriesLiechtenstein
77.6%
Hint Answer % Correct
8 Countries Ending in 'Y'Germany
76.4%
3 Countries on the Island of BorneoIndonesia
75.9%
9 Countries Beginning with 'L'Latvia
75.4%
8 Countries Ending in 'Y'Italy
75%
10 Non-South American Countries with Spanish as an Official LanguageCuba
73.7%
10 Non-South American Countries with Spanish as an Official LanguagePanama
72.7%
7 Countries that Border IranTurkey
71.5%
3 Countries on the Island of BorneoMalaysia
71.4%
10 Non-South American Countries with Spanish as an Official LanguageHonduras
71.2%
8 Countries Ending in 'Y'Uruguay
70.4%
10 Non-South American Countries with Spanish as an Official LanguageGuatemala
69.6%
10 Non-South American Countries with Spanish as an Official LanguageCosta Rica
69.4%
10 Non-South American Countries with Spanish as an Official LanguageDominican Republic
69.2%
2 Countries that Contain the Word 'New'Papua New Guinea
68.6%
10 Non-South American Countries with Spanish as an Official LanguageNicaragua
67.5%
10 Non-South American Countries with Spanish as an Official LanguageEl Salvador
67.4%
7 Countries that Border IranTurkmenistan
64.9%
6 European Microstate CountriesMalta
64.2%
9 Countries Beginning with 'L'Lesotho
63.7%
3 Countries on the Island of BorneoBrunei
63.7%
9 Countries Beginning with 'L'Lebanon
62.7%
8 Countries Ending in 'Y'Paraguay
62.2%
7 Countries that Border IranAzerbaijan
60.5%
7 Countries that Border IranArmenia
60.4%
8 Countries Ending in 'Y'Vatican City
59.5%
9 Countries Beginning with 'L'Laos
55.8%
10 Non-South American Countries with Spanish as an Official LanguageEquatorial Guinea
26.6%

You're not logged in!

Compare scores with friends on all Sporcle quizzes.
OR
Log In

You Might Also Like...

Show Comments

Extras

Top Quizzes Today


Score Distribution

Your Account Isn't Verified!

In order to create a playlist on Sporcle, you need to verify the email address you used during registration. Go to your Sporcle Settings to finish the process.

Report this User

Report this user for behavior that violates our Community Guidelines.

Details: